[Event "17. Europa ch Juvenil - Masculino s16"]
[Site "Sibenik CRO"]
[Date "2007.09.23"]
[Round "9.39"]
[White "Boje, Tobias"]
[Black "Rubil, Marko"]
[Result "1-0"]
[WhiteElo "1931"]
[BlackElo "2005"]
[PlyCount "135"]
[EventDate "2007.09.14"]
[EventType "swiss"]
[EventRounds "9"]
[EventCountry "CRO"]
[Source "lmi"]
[SourceDate "2007.09.14"]

1. e4 e5 2. Nf3 Nc6 3. Bb5 a6 4. Ba4 Nf6 5. O-O Be7 6. Re1 b5 7. Bb3 d6 8. c3
O-O 9. h3 Na5 10. Bc2 c5 11. d4 Qc7 12. Nbd2 cxd4 13. cxd4 Bd7 14. Nf1 Rac8 15.
Re2 Nc6 16. Be3 Nb4 17. Bb1 Qb8 18. Ng3 Rfe8 19. a3 Nc6 20. Bd3 g6 21. Rc1 Bf8
22. Rec2 Bg7 23. d5 Ne7 24. Nd2 Rxc2 25. Rxc2 Rc8 26. b4 Rxc2 27. Qxc2 Qc8 28.
Qxc8+ Bxc8 29. Nb3 Ne8 30. f3 f5 31. Bb6 Kf7 32. Na5 Bh6 33. Ne2 fxe4 34. fxe4
Nf6 35. Kf2 Ke8 36. Be3 Bxe3+ 37. Kxe3 Kf7 38. Nc3 Bd7 39. a4 bxa4 40. Bxa6 Ne8
41. Nc4 Nc8 42. Nxa4 Bxa4 43. Bxc8 Ke7 44. Bg4 Kd8 45. Be2 Kc7 46. Na3 Kb6 47.
h4 Nc7 48. Nc4+ Kb5 49. Nxd6+ Kxb4 50. Nf7 Kc5 51. Nxe5 Nxd5+ 52. exd5 Kxd5 53.
Ng4 Ke6 54. Kf4 Kf7 55. Kg5 Kg7 56. Bc4 Bc6 57. g3 Ba4 58. Kf4 h6 59. Ke5 Bd7
60. Nf6 Ba4 61. Ke6 Bc2 62. Ke7 Bf5 63. Ne8+ Kh7 64. Kf6 Bc2 65. Nd6 Bb1 66.
Bd5 g5 67. hxg5 hxg5 68. Be4+ 1-0

[Event "17. Europa ch Juvenil - Masculino s16"]
[Site "Sibenik CRO"]
[Date "2007.09.23"]
[Round "9.40"]
[White "Vranar, Viktor"]
[Black "Kurkijarvi, Mikko"]
[Result "0-1"]
[WhiteElo "1729"]
[BlackElo "1970"]
[PlyCount "56"]
[EventDate "2007.09.14"]
[EventType "swiss"]
[EventRounds "9"]
[EventCountry "CRO"]
[Source "lmi"]
[SourceDate "2007.09.14"]

1. e4 e5 2. Nf3 Nc6 3. Bb5 a6 4. Ba4 Nf6 5. O-O Nxe4 6. d4 b5 7. Bb3 d5 8. dxe5
Be6 9. c3 Bc5 10. a4 Rb8 11. axb5 axb5 12. h3 Qd7 13. Bf4 f6 14. exf6 gxf6 15.
Nbd2 Nxd2 16. Qxd2 Rg8 17. Rfe1 Ne7 18. Kh2 Kf7 19. Nd4 Bxd4 20. cxd4 Nf5 21.
Ra7 Rbc8 22. Rc1 Nd6 23. Qa5 Nc4 24. Bxc4 dxc4 25. Bxc7 Qd5 26. Bd6+ Kg6 27.
Bg3 Qxd4 28. Qxb5 Qxa7 0-1

[Event "17. Europa ch Juvenil - Masculino s16"]
[Site "Sibenik CRO"]
[Date "2007.09.23"]
[Round "9.43"]
[White "Getz, Nicolai"]
[Black "Buhin, Denis"]
[Result "1-0"]
[WhiteElo "2060"]
[BlackElo "1943"]
[PlyCount "59"]
[EventDate "2007.09.14"]
[EventType "swiss"]
[EventRounds "9"]
[EventCountry "CRO"]
[Source "lmi"]
[SourceDate "2007.09.14"]

1. e4 e6 2. d4 d5 3. Nc3 dxe4 4. Nxe4 Nd7 5. Nf3 Ngf6 6. Bd3 Be7 7. Qe2 O-O 8.
Bg5 Nd5 9. Bd2 N7f6 10. O-O Nxe4 11. Qxe4 Nf6 12. Qe2 b6 13. Ne5 Bb7 14. c3 c5
15. dxc5 Bxc5 16. Kh1 Qd5 17. f4 Rad8 18. c4 Qd6 19. Rad1 Qc7 20. Bc3 Qe7 21.
a3 a5 22. Qe1 Ba8 23. Qg3 g6 24. Qg5 Ne4 25. Bxe4 Qxg5 26. fxg5 Bxe4 27. Rxd8
Rxd8 28. Nxf7 Rd4 29. Nh6+ Kh8 30. Bxd4+ 1-0